|
|
|
|
| LEADER |
00000cam a22000004a 4500 |
| 001 |
musev2_74692 |
| 003 |
MdBmJHUP |
| 005 |
20230905051732.0 |
| 006 |
m o d |
| 007 |
cr||||||||nn|n |
| 008 |
100414s1998 mx o 00 0 spa d |
| 020 |
|
|
|a 9786076287309
|
| 020 |
|
|
|z 9789681208844
|
| 035 |
|
|
|a (OCoLC)1055632889
|
| 040 |
|
|
|a MdBmJHUP
|c MdBmJHUP
|
| 100 |
1 |
|
|a Arnaut Salgado, Alberto.
|
| 245 |
1 |
3 |
|a La federalización educativa en México :
|b historia del debate sobre la centralización y la descentralización educativa (1889-1994) /
|c Alberto Arnaut.
|
| 250 |
|
|
|a 1. ed.
|
| 264 |
|
1 |
|a Mexico, D.F. :
|b Centro de Investigación y Docencia Económicas,
|c 1998.
|
| 264 |
|
3 |
|a Baltimore, Md. :
|b Project MUSE,
|c 2020
|
| 264 |
|
4 |
|c ©1998.
|
| 300 |
|
|
|a 1 online resource.
|
| 336 |
|
|
|a text
|b txt
|2 rdacontent
|
| 337 |
|
|
|a computer
|b c
|2 rdamedia
|
| 338 |
|
|
|a online resource
|b cr
|2 rdacarrier
|
| 506 |
0 |
|
|a Open Access
|f Unrestricted online access
|2 star
|
| 588 |
|
|
|a Description based on print version record.
|
| 650 |
|
7 |
|a Public schools.
|2 fast
|0 (OCoLC)fst01082942
|
| 650 |
|
7 |
|a Education and state.
|2 fast
|0 (OCoLC)fst00902835
|
| 650 |
|
7 |
|a Decentralization in government.
|2 fast
|0 (OCoLC)fst00888948
|
| 650 |
|
7 |
|a EDUCATION
|x Administration
|x General.
|2 bisacsh
|
| 650 |
|
6 |
|a Écoles publiques
|z Mexique
|x Histoire
|y 20e siecle.
|
| 650 |
|
6 |
|a Éducation
|x Politique gouvernementale
|z Mexique
|x Histoire
|y 20e siecle.
|
| 650 |
|
0 |
|a Public schools
|z Mexico
|x History
|y 20th century.
|
| 650 |
|
0 |
|a Decentralization in government
|z Mexico
|x History
|y 20th century.
|
| 650 |
|
0 |
|a Education and state
|z Mexico
|x History
|y 20th century.
|
| 651 |
|
7 |
|a Mexico.
|2 fast
|0 (OCoLC)fst01211700
|
| 655 |
|
7 |
|a History.
|2 fast
|0 (OCoLC)fst01411628
|
| 655 |
|
7 |
|a Electronic books.
|2 local
|
| 710 |
2 |
|
|a Project Muse.
|e distributor
|
| 830 |
|
0 |
|a Book collections on Project MUSE.
|
| 856 |
4 |
0 |
|z Texto completo
|u https://projectmuse.uam.elogim.com/book/74692/
|